| 000 | 01070cam a22002651i 4500 | ||
|---|---|---|---|
| 003 | SA-RiAUC | ||
| 005 | 20250617064247.0 | ||
| 008 | 250605s1998 ua g 000 0 ara c | ||
| 020 | _a9775250218 | ||
| 040 |
_aSA-JeALM _bara _cSA-RiAUC. _erda |
||
| 043 | _aa-su--- | ||
| 082 | 0 | 4 |
_a953.124 _qSA-RiAUC |
| 090 |
_a953.124 _b ا ب ن ع |
||
| 100 | 1 |
_aابن عراق، علي بن محمد بن علي، _d907-963 هجري _eمؤلف. |
|
| 245 | 1 | 0 |
_aنشر اللطائف في قطر الطائف / _c علي بن محمد بن عراق الكناني ؛ تحقيق علي محمد عمر. |
| 264 | 1 |
_aبورسعيد، مصر ؛ _aالقاهرة : _bمكتبة الثقافة الدينية، _c1998 |
|
| 300 |
_a75 صفحة ؛ _c24 سم |
||
| 336 |
_aنص _btxt _2rdacontent _3كتاب |
||
| 337 |
_aبدون وسيط _bn _2rdamedia |
||
| 338 |
_aمجلد _bnc _2rdacarrier |
||
| 651 | 7 |
_aالطائف (السعودية) _xتاريخ _2aucsh |
|
| 700 | 1 |
_aعمر، علي محمد _eمحقق. |
|
| 942 |
_2ddc _cBOOK _n0 |
||
| 949 |
_aSA-JeALM _d250605 _umohamedma123 _n1 |
||
| 999 |
_c9066 _d9066 |
||